Ծառերի հիշողություն = (Record no. 537192)
[ view plain ]
| 000 -LEADER | |
|---|---|
| fixed length control field | 01152nam a2200265 a 4500 |
| 001 - CONTROL NUMBER | |
| control field | 1060580 |
| 003 - CONTROL NUMBER IDENTIFIER | |
| control field | AM-YEHGA |
| 005 - DATE AND TIME OF LATEST TRANSACTION | |
| control field | 20251104135539.0 |
| 008 - FIXED-LENGTH DATA ELEMENTS--GENERAL INFORMATION | |
| fixed length control field | 160923s2016 ai o||||r||||| | |arm|d |
| 020 ## - INTERNATIONAL STANDARD BOOK NUMBER | |
| International Standard Book Number | 978-9939-9134-0-7 |
| 040 ## - CATALOGING SOURCE | |
| Original cataloging agency | AM-YEHGA |
| 041 0# - LANGUAGE CODE | |
| Language code of text/sound track or separate title | arm |
| -- | eng |
| 100 1# - MAIN ENTRY--PERSONAL NAME | |
| Personal name | Քուք, Քեթրին |
| 245 10 - TITLE STATEMENT | |
| Title | Ծառերի հիշողություն = |
| Remainder of title | Memory of trees / |
| Statement of responsibility, etc. | Ք. Քուք ; Մտահղացումը՝ Վ. Կարապետյան ; Գիտ. խորհրդ.՝ Մ. Հարոյան ; Ձևավոր.՝ Ա. Կիրակոսյան. |
| 246 11 - VARYING FORM OF TITLE | |
| Title proper/short title | Memory of trees / |
| 260 ## - PUBLICATION, DISTRIBUTION, ETC. | |
| Place of publication, distribution, etc. | Երևան : |
| Name of publisher, distributor, etc. | [Առանց հրատարակչության], |
| Date of publication, distribution, etc. | 2016. |
| 300 ## - PHYSICAL DESCRIPTION | |
| Extent | 52 էջ ։ |
| Other physical details | գունավոր լուսանկարներ ; |
| Dimensions | 22x22 սմ. |
| 500 ## - GENERAL NOTE | |
| General note | Գիրքը՝ սուպեր շապիկով։ |
| 600 14 - SUBJECT ADDED ENTRY--PERSONAL NAME | |
| Personal name | Քուք, Քեթրին |
| 650 14 - SUBJECT ADDED ENTRY--TOPICAL TERM | |
| Topical term or geographic name entry element | Ամերիկայի նշանավոր լուսանկարիչներ |
| 700 1# - ADDED ENTRY--PERSONAL NAME | |
| Personal name | Կարապետյան, Վարդան |
| Relator term | մտահղաց. |
| Relationship | ccp |
| 700 1# - ADDED ENTRY--PERSONAL NAME | |
| Personal name | Հարոյան, Մարինե |
| Relator term | գիտ. խորհրդ. |
| Relationship | csl |
| 700 1# - ADDED ENTRY--PERSONAL NAME | |
| Personal name | Կիրակոսյան, Արսեն |
| Relator term | ձևավոր. |
| Relationship | dsr |
| 942 ## - ADDED ENTRY ELEMENTS (KOHA) | |
| Source of classification or shelving scheme | Universal Decimal Classification |
| Koha item type | Գրքեր / Books |
| Withdrawn status | Lost status | Source of classification or shelving scheme | Damaged status | Not for loan | Collection | Home library | Current library | Date acquired | Total checkouts | Full call number | Barcode | Date last seen | Price effective from | Koha item type | Public note |
|---|---|---|---|---|---|---|---|---|---|---|---|---|---|---|---|
| Universal Decimal Classification | General | Fundamental Scientific Library | Fundamental Scientific Library | 24/09/2025 | AII/113562 | FL0694322 | 24/09/2025 | 08/10/2025 | Գրքեր / Books | 30 Days Loan |
ՀՀ Գիտությունների ազգային ակադեմիայի հիմնարար գիտական գրադարան = Fundamental Scientific Library of NAS RA
All site content, except where otherwise noted, is licensed under a